• 首页
  • 本馆介绍
  • 公告通知
  • 最新文献
  • 馆藏检索
  • 电子资源
  • 读者导购
  • 参考咨询
  • 我的图书馆
  • 登录
  • 详细信息显示
  • 放入我的书架
  • 预约/预借图书
  • 作者相关作品
  • 分类相关作品
  • 丛书相关作品
  • 出版社相关作品

书目信息

  • 表格格式
  • 工作单格式
  • 卡片格式
题名:
南京大学法律评论
    
 
作者: 张仁善 主编
分册: 2013年秋季卷(总第40卷)  
出版信息: 北京   法律出版社  2013
页数: 379页
开本: 26cm
丛书名:
单 册:
中图分类: D9-53
科图分类:
主题词: 法律--文集 , 法律
电子资源:
ISBN: 978-7-5118-5268-7
000 00984nam0 2200277 450
001 523
005 20140905101621.37
010    @a978-7-5118-5268-7@dCNY55.00
100    @a20131129d2013 em y0chiy50 ea
101 0  @achi@eeng
102    @aCN@b110000
105    @ay z 000yy
106    @ar
200 1  @a南京大学法律评论@ANan Jing Da Xue Fa Lu^ Ping Lun@h2013年秋季卷(总第40卷)@H2013 Nian Qiu Ji Juan( Zong Di 40 Juan)@f张仁善主编@FZhang Ren Shan Zhu Bian
210    @a北京@c法律出版社@d2013
215    @a379页@d26cm
300    @a中文社会科学引文索引(CSSCI)来源集刊
304    @a英文共同题名:Nanjing University law review
314    @a主编:张仁善
330    @a本书为法学研究的论文集,内容涉及宪法与行政法、法律史学、民事法学、刑事法学、诉讼法学、域外法律等诸多学科。
606 0  @a法律@j文集
606 0  @a法律
690    @aD9-53@v5
701  0 @a张仁善@AZhang Ren Shan@f(1964~)@4主编
801  0 @aCN@bTANGWEI@c20140603
905    @b0840193-95@dD9-53@e475:40@f3
    
    南京大学法律评论.2013年秋季卷(总第40卷)/张仁善主编.-北京:法律出版社,2013
    379页;26cm
    中文社会科学引文索引(CSSCI)来源集刊
    
    ISBN 978-7-5118-5268-7:CNY55.00
    本书为法学研究的论文集,内容涉及宪法与行政法、法律史学、民事法学、刑事法学、诉讼法学、域外法律等诸多学科。
●
相关链接 在E读中查询图书 在五车中查询图书 在当当中查询图书 在豆瓣中查询图书


正题名:南京大学法律评论     索取号:D9-53/475:40         预约/预借

序号 登录号 条形码 馆藏地/架位号 状态 备注
1 0840193   208401932   第一样本阅览室/ [索取号:D9-53/475:40] 在馆    
2 0840194   208401941   密集书库-史法系/ [索取号:D9-53/475:40] 在馆    
3 0840195   208401950   第一借阅区/ [索取号:D9-53/475:40] 在馆    
唐山师范学院图书馆 欢迎您!
大连网信软件有限公司© 版权所有